000
00326 a2200157 4500
001
184300
020
_a
0-435-27-332-9
040
_c
Magnum
100
_a
Dumas, Alexandre
240
1
0
_a
The black tulip
_l
ING
245
1
0
_a
The black tulip
300
_a
63
362
0
_a
2002
697
_a
LITERATURA INGLESA
942
_c
BK
999
_c
184300
_d
184300